Histoire ancienne (Record no. 102816)

MARC details
000 -LEADER
campo de control de longitud fija 00663nam a2200217 i 4500
001 - NÚMERO DE CONTROL
campo de control 102816
003 - IDENTIFICADOR DE NÚMERO DE CONTROL
campo de control ES-MaACL
005 - FECHA Y HORA DE LA ÚLTIMA TRANSACCIÓN
campo de control 20230906183206.0
007 - CAMPO FIJO DE DESCRIPCIÓN FÍSICA--INFORMACIÓN GENERAL
campo de control de longitud fija t|
008 - DATOS DE LONGITUD FIJA--INFORMACIÓN GENERAL
campo de control de longitud fija 170622s1905 fr ||||1| fre d
100 1# - ENTRADA PRINCIPAL--NOMBRE DE PERSONA
Nombre de persona Maspero, Gaston (
Fechas asociadas al nombre 1846-1916)
9 (RLIN) 78770
245 10 - MENCIÓN DEL TÍTULO
Título Histoire ancienne
Resto del título : Égypte, Assyrie /
Mención de responsabilidad, etc. G. Maspero.
250 ## - MENCION DE EDICION
Mención de edición 4e édition, revue et corrigée.
260 ## - PUBLICACIÓN, DISTRIBUCIÓN, ETC.
Lugar de publicación, distribución, etc. Paris :
Nombre del editor, distribuidor, etc. Hachette,
Fecha de publicación, distribución, etc. 1905.
300 ## - DESCRIPCIÓN FÍSICA
Extensión XIII, 400 p. :
Otras características físicas il. ;
Dimensiones 18 cm.
490 1# - MENCIÓN DE SERIE
Mención de serie Lectures historiques
651 #4 - PUNTO DE ACCESO ADICIONAL DE MATERIA--NOMBRE GEOGRÁFICO
Nombre geográfico Oriente medio-
Subdivisión general Historia-
Subdivisión cronológica Hasta 622.
9 (RLIN) 9134
830 0# - PUNTO DE ACCESO ADICIONAL DE SERIE-TÍTULO UNIFORME
Título uniforme Lectures historiques
9 (RLIN) 187766
852 ## - LOCALIZACIÓN
Ubicación ES-MaACL
Número de control de estantería B-2695
Holdings
Estatus retirado Estado de pérdida Estado de daño No para préstamo Biblioteca de origen Biblioteca actual Ubicación en estantería Fecha de adquisición Fuente de adquisición Total de préstamos Signatura topográfica completa Código de barras Visto por última vez Precio de reemplazo Tipo de ítem Koha
        Biblioteca del Ateneo de Madrid Biblioteca del Ateneo de Madrid Sala Pardo Bazán 22/06/2017     B-2695 1197756 23/02/2023 23/02/2023 Libro impreso